| 000 | 00551cam a22001817a 4500 | ||
|---|---|---|---|
| 003 | OSt | ||
| 005 | 20160713132942.0 | ||
| 008 | 160713s2016 spc |||| |||| 000 0 cat|d | ||
| 017 |
_aDL B 8232-2016 _bBiblioteca de Catalunya |
||
| 020 | _a9788416154760 | ||
| 040 |
_bcat _cCDMR |
||
| 100 | 1 | _aRodríguez, Leti | |
| 245 | 1 | 0 |
_aCom sobreviure a les xarxes socials _b: secrets del #socialmierder _cLeti Rodríguez |
| 260 |
_aBarcelona : _bAra llibres, _c2016 |
||
| 300 |
_a186 p. ; _c23 cm |
||
| 650 | 0 | 7 |
_aXarxes socials en línia _2lemac _93128 |
| 942 | _cMON | ||
| 999 |
_c6953 _d6953 |
||